Kniha faktov 1998

Gespeichert in:
Bibliographische Detailangaben
Format: Buch
Sprache:Slowakisch
Veröffentlicht: Bratislava TONO 1999
Schlagworte:
Tags: Tag hinzufügen
Keine Tags, Fügen Sie das erste Tag hinzu!

MARC

LEADER 00000nam a2200000 4500
001 c115859
005 20221221132021.8
020 |a 80-967595-6-6 
041 0 |a slo 
044 |a SK 
245 1 0 |a Kniha faktov 1998 
264 1 |a Bratislava  |b TONO  |c 1999 
300 |a 755 s. 
610 2 0 |a papiere cenné 
610 2 0 |a obchody burzové 
610 2 0 |a trh finančný 
610 2 0 |a trh kapitálový 
610 2 0 |a ceny kúpne 
610 2 0 |a organizácie 
610 2 0 |a spoločnosti 
610 2 0 |a firmy 
610 2 0 |a podnik 
610 2 0 |a ceny 
610 2 0 |a Slovensko